Statistics for What animal is this #2

Click here to take the quiz!

General Stats

  • This quiz has been taken 25 times
  • The average score is 13 of 16

Answer Stats

Answer% Correct
Giraffe
100%
Bald eagle
95%
Lion
95%
Zebra
95%
Alligator
91%
Moose
91%
Red panda
91%
Snail
91%
Gorilla
86%
Hyena
86%
Brown bear
82%
Great white
77%
Chameleon
59%
Komodo dragon
59%
Shrimp
32%
Black mamba
27%

Score Distribution

Percentile by Number Answered

Percent of People with Each Score

Your Score History

You have not taken this quiz